Discrete and combinatorial mathematics: an applied introduction (Record no. 7445)
[ view plain ]
| 000 -LEADER | |
|---|---|
| fixed length control field | 00553 a2200157 4500 |
| 020 ## - INTERNATIONAL STANDARD BOOK NUMBER | |
| International Standard Book Number | 8178086514 |
| 040 ## - CATALOGING SOURCE | |
| Original cataloging agency | DLC |
| Language of cataloging | DLC |
| 082 ## - DEWEY DECIMAL CLASSIFICATION NUMBER | |
| Classification number | 510 |
| 100 ## - MAIN ENTRY--PERSONAL NAME | |
| Personal name | Grimaldi, Ralph P. |
| 245 ## - TITLE STATEMENT | |
| Title | Discrete and combinatorial mathematics: an applied introduction |
| Statement of responsibility, etc. | an applied introduction |
| Medium | Ralph P, Grimaldi. |
| 260 ## - PUBLICATION, DISTRIBUTION, ETC. | |
| Place of publication, distribution, etc. | Singapore: |
| Name of publisher, distributor, etc. | Pearson Education Pte. Ltd., |
| Date of publication, distribution, etc. | 1999. |
| 300 ## - PHYSICAL DESCRIPTION | |
| Extent | xix, 791 p. : |
| Other physical details | ill. ; |
| Dimensions | 25 cm. |
| 500 ## - GENERAL NOTE | |
| General note | Includes Index |
| 650 ## - SUBJECT ADDED ENTRY--TOPICAL TERM | |
| Topical term or geographic name entry element | 1.Mathematics.2.Computer science--Mathematics.3.Combinatorial analysis. |
| 942 ## - ADDED ENTRY ELEMENTS (KOHA) | |
| Koha item type | Book |
| Call number prefix | 511 GRI |
| Source of classification or shelving scheme | |
| Withdrawn status | Lost status | Damaged status | Not for loan | Collection code | Permanent Location | Current Location | Shelving location | Date acquired | Source of acquisition | Cost, normal purchase price | Total Checkouts | Full call number | Barcode | Date last seen | Date last checked out | Price effective from | Koha item type |
|---|---|---|---|---|---|---|---|---|---|---|---|---|---|---|---|---|---|
| Central Library (CL) | Central Library (CL) | General Stacks | 05/05/2005 | Allied Book Company | 359.10 | 4 | 511 GRI | SEECS005636 | 02/26/2022 | 02/14/2022 | 01/05/2017 | Book |
